000 00448nam a2200169Ia 4500
003 IN-BaIIA
008 211028s9999 xx 000 0 eng d
040 _cIIA Library
080 _a031
_bNAY-3
100 _aNayak,H. M.
_914294
245 0 _aKannada Visvakosa
_bvol. III
_cH. M. Nayak
260 _aMysore
_bUniversity of Mysore
_c1971
300 _a988p
650 _aEncyclopaedia
_914295
650 _aKannada Encyclopaedia
_914296
942 _cBK
999 _c8529
_d8529